Latín básico

Zapisane w:
Opis bibliograficzny
1. autor: Arriaga Díaz, Lindy (Autor)
Format: Książka
Język:łaciński
hiszpański
Wydane: Bogotá Universidad Pedagógica Nacional 1999
Hasła przedmiotowe:
Etykiety: Dodaj etykietę
Nie ma etykietki, Dołącz pierwszą etykiete!

MARC

LEADER 00000nam a2200000 a 4500
001 UCO5712
003 CL-VaPUC
008 000915e19990000CK |||||||||||||||||lat|d
041 0 7 |a lat  |2 CL-VaPUC 
041 0 7 |a spa  |2 CL-VaPUC 
082 0 4 |a 470  |b ARR  |2 21 
100 0 |a Arriaga Díaz, Lindy  |e author  |9 450499 
245 1 0 |a Latín básico 
300 |a 135 p 
942 |c BK 
945 |d 20000915 00:00:00  |a rbrito 
260 |a Bogotá  |b Universidad Pedagógica Nacional  |c 1999 
650 0 |a Latín   |9 269544 
650 0 |a Gramática  |9 270497 
650 0 |a Enseñanza del latín  |9 367682 
650 0 |a Enseñanza de idiomas  |9 339820 
583 |a last modification  |c 20000915 00:00:00  |k Rodrigo Vera 
999 |c 291550  |d 291548 
952 |0 0  |1 0  |4 0  |6 470_000000000000000_ARR_1999  |7 0  |8 A  |9 341451  |a BIBEDU  |b BIBEDU  |d 2019-11-20  |i 3596303  |o 470 ARR 1999  |p 3596303  |r 2019-11-20  |w 2019-11-20  |y BK  |k LIT 
952 |0 0  |1 0  |4 0  |6 470_000000000000000_ARR_1999  |7 0  |8 A  |9 341452  |a BIBEDU  |b BIBEDU  |d 2019-11-20  |i 3600599  |o 470 ARR 1999  |p 3600599  |r 2019-11-20  |w 2019-11-20  |y BK  |k BME